The home book of 20th century music

Na minha lista:
Detalhes bibliográficos
Autor principal: Ewen, David (Author)
Formato: Livro
Idioma:inglês
Publicado em: Londres Arco Publishers 1956
Assuntos:
Tags: Adicionar Tag
Sem tags, seja o primeiro a adicionar uma tag!

MARC

LEADER 00000nam a2200000 a 4500
001 UCW2433
003 CL-VaPUC
005 20231113095914.0
008 900419e19560000UK |||||||||||||||||eng|d
999 |c 216983  |d 216981 
040 |c Pontificia Universidad Católica de Valparaíso 
082 0 4 |a 780.904 EWE 1956  |2 21 
100 0 |a Ewen, David  |e author  |9 306560 
245 1 4 |a The home book of 20th century music 
260 |a Londres  |b Arco Publishers  |c 1956 
300 |a 498 p 
583 |a last modification  |c 19900419 00:00:00  |k Rodrigo Vera 
650 0 |a Historia de la música  |2 CL-VaPUC  |9 306741 
942 |c BK  |2 ddc 
945 |d 19900419 00:00:00 
952 |0 0  |1 0  |4 0  |6 780_904000000000000_EWE_1956  |7 0  |8 A  |9 203458  |a BIBEDU  |b BIBEDU  |d 2019-11-15  |i 2706865  |o 780.904 EWE 1956  |p 2706865  |r 2023-01-12  |w 2019-11-15  |y BK  |k MUS